000 00472nam a2200205Ia 4500
003 0100
008 130227s9999 xx 000 0 und d
040 _cARRUPELIB
050 _aBR127.A482 2003
100 _aAmaladoss, Michael
245 _aMaking hormany
245 _bliving in a pluralist world
260 _aDelhi
260 _bIDCR
260 _C2003
300 _axiii
300 _b 186p. 22cm.
650 _bChurch year - meditations
942 _2lcc
_01
999 _c4663
_d4663